PSG - Transferts les plus chers - Statistiques

Statistiques générales
  • Ce quiz a été pris 330 fois
  • Le résultat moyen est 34 sur 50
Statistiques - réponses
Saison Pays Montant Provenance Réponse % Correct
17/18 Brésil 222 M€ FC Barcelone Neymar
100%
17/18 France 180 M€ AS Monaco Kylian Mbappé
99%
23/24 France 95 M€ Eintracht Francfort Randal Kolo Muani
92%
13/14 Uruguay 64,5 M€ Naples Edinson Cavani
91%
24/25 Portugal 60 M€ Benfica Lisbonne João Neves
89%
15/16 Argentine 63 M€ Manchester United Ángel Di María
88%
24/25 France 60 M€ Rennes Désiré Doué
88%
23/24 France 50 M€ FC Barcelone Ousmane Dembélé
88%
23/24 France 45 M€ Olympique Lyonnais Bradley Barcola
86%
23/24 Portugal 65 M€ Benfica Lisbonne Gonçalo Ramos
86%
22/23 Portugal 41,5 M€ FC Porto Vitinha
86%
24/25 Equateur 45 M€ Eintracht Francfort Willian Pacho
86%
24/25 Géorgie 70 M€ Naples Khvicha Kvaratskhelia
85%
25/26 France 40 M€ LOSC Lille Lucas Chevalier
83%
25/26 Ukraine 63 M€ Bournemouth Ilya Zabarnyi
82%
12/13 Brésil 42 M€ AC Milan Thiago Silva
82%
21/22 Maroc 68 M€ Inter Milan Achraf Hakimi
81%
22/23 Portugal 38 M€ Sporting Lisbonne Nuno Mendes
81%
23/24 France 45 M€ Bayern Munich Lucas Hernández
80%
23/24 Uruguay 60 M€ Sporting Lisbonne Manuel Ugarte
79%
13/14 Brésil 31 M€ AS Rome Marquinhos
77%
12/13 Suède 21 M€ Milan AC Zlatan Ibrahimović
77%
23/24 Corée du Sud 22 M€ Majorque Kang-in Lee
76%
14/15 Brésil 49,5 M€ Chelsea FC David Luiz
75%
22/23 Espagne 22,5 M€ Naples Fabián Ruiz
75%
17/18 Allemagne 36 M€ Wolfsburg Julian Draxler
75%
23/24 France 28,5 M€ Reims Hugo Ekitiké
72%
11/12 Argentine 42 M€ US Palerme Javier Pastore
72%
24/25 Russie 20 M€ Krasnodar Matvey Safonov
72%
19/20 Sénégal 30 M€ Everton Idrissa Gueye
70%
20/21 Argentine 50 M€ Inter Milan Mauro Icardi
69%
18/19 Argentine 40 M€ Zénith Saint-Pétersbourg Leandro Paredes
67%
23/24 Brésil 20 M€ FC São Paulo Lucas Beraldo
61%
12/13 Brésil 40 M€ FC São Paulo Lucas Moura
60%
22/23 Portugal 15 M€ LOSC Lille Renato Sanches
58%
18/19 Allemagne 37 M€ Schalke 04 Thilo Kehrer
54%
22/23 Espagne 18 M€ Valence CF Carlos Soler
53%
16/17 Pologne 27,5 M€ FC Séville Grzegorz Krychowiak
53%
18/19 Sénégal 32 M€ Borussia Dortmund Abdou Diallo
52%
16/17 Espagne 25 M€ Real Madrid Jesé
52%
00/01 France 34,5 M€ Real Madrid Nicolas Anelka
50%
21/22 Portugal 16 M€ FC Porto Danilo Pereira
49%
15/16 France 25 M€ AS Monaco Layvin Kurzawa
43%
13/14 France 25 M€ Newcastle Yohan Cabaye
43%
23/24 Brésil 20 M€ Corinthians Gabriel Moscardo
42%
16/17 Portugal 30 M€ Benfica Lisbonne Gonçalo Guedes
41%
19/20 Espagne 18 M€ FC Séville Pablo Sarabia
38%
12/13 Argentine 30 M€ Naples Ezequiel Lavezzi
35%
17/18 Espagne 16 M€ Real Sociedad Yuri Berchiche
35%
00/01 Brésil 20 M€ Inter Milan Vampeta
8%
Aucun quiz correspondant
Distribution des résultats
% des personnes avec chaque résultat
Percentile par nombre de réponses
Votre historique - résultats
Vous n’avez pas pris ce quiz